<?xml version="1.0" encoding="UTF-8"?>
<record
    xmlns:xsi="http://www.w3.org/2001/XMLSchema-instance"
    xsi:schemaLocation="http://www.loc.gov/MARC21/slim http://www.loc.gov/standards/marcxml/schema/MARC21slim.xsd"
    xmlns="http://www.loc.gov/MARC21/slim">

  <leader>00629    a2200193   4500</leader>
  <controlfield tag="001">130827</controlfield>
  <datafield tag="020" ind1=" " ind2=" ">
    <subfield code="a">85-224-2014-9</subfield>
  </datafield>
  <datafield tag="040" ind1=" " ind2=" ">
    <subfield code="c">Leonardo Da Vinci</subfield>
  </datafield>
  <datafield tag="041" ind1=" " ind2=" ">
    <subfield code="a">Portugu&#xEA;s</subfield>
  </datafield>
  <datafield tag="082" ind1=" " ind2=" ">
    <subfield code="a">004.1 C834i</subfield>
    <subfield code="b">C834i</subfield>
  </datafield>
  <datafield tag="100" ind1=" " ind2=" ">
    <subfield code="a">CORNACHIONE JUNIOR, Edgar B</subfield>
  </datafield>
  <datafield tag="245" ind1=" " ind2=" ">
    <subfield code="a">Inform&#xE1;tica aplicada &#xE0;s &#xE1;reas de contabilidade, administra&#xE7;&#xE3;o e
economia</subfield>
  </datafield>
  <datafield tag="250" ind1=" " ind2=" ">
    <subfield code="a">2.ed</subfield>
  </datafield>
  <datafield tag="260" ind1=" " ind2=" ">
    <subfield code="b">Atlas</subfield>
    <subfield code="c">1998</subfield>
    <subfield code="a">S&#xE3;o Paulo</subfield>
  </datafield>
  <datafield tag="300" ind1=" " ind2=" ">
    <subfield code="a">303</subfield>
  </datafield>
  <datafield tag="362" ind1=" " ind2=" ">
    <subfield code="a">19980000</subfield>
  </datafield>
  <datafield tag="697" ind1=" " ind2=" ">
    <subfield code="a">Ci&#xEA;ncia da computa&#xE7;&#xE3;o</subfield>
    <subfield code="a">Inform&#xE1;tica</subfield>
    <subfield code="a">Processamento de dados</subfield>
    <subfield code="a">Processamento eletr&#xF4;nico de dados</subfield>
    <subfield code="a">Contabilidade</subfield>
    <subfield code="a">Administra&#xE7;&#xE3;o</subfield>
    <subfield code="a">Economia</subfield>
    <subfield code="a">FIPEN</subfield>
  </datafield>
  <datafield tag="942" ind1=" " ind2=" ">
    <subfield code="c">BK</subfield>
  </datafield>
  <datafield tag="952" ind1=" " ind2=" ">
    <subfield code="0">0</subfield>
    <subfield code="1">0</subfield>
    <subfield code="4">0</subfield>
    <subfield code="7">0</subfield>
    <subfield code="a">71.1</subfield>
    <subfield code="b">71.1</subfield>
    <subfield code="d">2024-03-27</subfield>
    <subfield code="l">0</subfield>
    <subfield code="o">004.1 C834i</subfield>
    <subfield code="p">O000356</subfield>
    <subfield code="r">2024-03-27 22:30:10</subfield>
    <subfield code="w">2024-03-27</subfield>
    <subfield code="y">BK</subfield>
  </datafield>
  <datafield tag="999" ind1=" " ind2=" ">
    <subfield code="c">130827</subfield>
    <subfield code="d">130827</subfield>
  </datafield>
</record>
